| 000 | 01256cam a2200337 i 4500 | ||
|---|---|---|---|
| 999 |
_c1505 _d1505 |
||
| 001 | 17860855 | ||
| 003 | OSt | ||
| 005 | 20230103125551.0 | ||
| 008 | 130822s2014 deuab j b 001 0 eng | ||
| 010 | _a 2013033971 | ||
| 020 | _a9781612284774 | ||
| 040 |
_aDLC _beng _cDLC _erda _dKH8 |
||
| 042 | _apcc | ||
| 043 | _aa-ii--- | ||
| 082 | 0 | 0 |
_a954 EJA _223 |
| 100 | 1 |
_aEjaz, Khadija. _eauthor |
|
| 245 | 1 | 0 |
_aWe visit India / _cKhadija Ejaz. |
| 246 | 3 | _aIndia | |
| 264 | 1 |
_aHockessin, Delaware : _bMitchell Lane Publishers, _c[2014] |
|
| 300 |
_a63 pages : _billustrations, maps ; _c25 cm. |
||
| 336 |
_atext _2rdacontent |
||
| 337 |
_aunmediated _2rdamedia |
||
| 338 |
_avolume _2rdacarrier |
||
| 490 | 0 | _aYour land and my land: Asia | |
| 504 | _aIncludes bibliographical references and index. | ||
| 505 | 0 | _aOverview of India -- Ancient invasions -- Muslims, Europeans, and nationhood -- In the shadow of the Himalayas -- Running a democracy -- The business of money -- An Indian life -- All roads lead to God. | |
| 651 | 0 |
_aIndia _vJuvenile literature. |
|
| 906 |
_a7 _bcbc _corignew _d1 _eecip _f20 _gy-gencatlg |
||
| 942 |
_2ddc _cNFIC |
||